UM Logo

The manager's guide to HR: (Record no. 3789)

MARC details
000 -LEADER
fixed length control field 00702nam a22001937a 4500
008 - FIXED-LENGTH DATA ELEMENTS--GENERAL INFORMATION
fixed length control field 160810b xxu||||| |||| 00| 0 eng d
020 ## - INTERNATIONAL STANDARD BOOK NUMBER
International Standard Book Number 9780814410769
082 ## - DEWEY DECIMAL CLASSIFICATION NUMBER
Edition number 2009
Classification number DC 658.3
Item number M91
100 ## - MAIN ENTRY--PERSONAL NAME
9 (RLIN) 12614
Personal name Muller, Max
245 ## - TITLE STATEMENT
Title The manager's guide to HR:
Remainder of title hiring, firing, performance evaluations, documentation, benefits, and everything else you need to know/
Statement of responsibility, etc. Max Muller.
260 ## - PUBLICATION, DISTRIBUTION, ETC. (IMPRINT)
Place of publication, distribution, etc. New York:
Name of publisher, distributor, etc. AMACOM SHRM,
Date of publication, distribution, etc. c2009.
300 ## - PHYSICAL DESCRIPTION
Extent 296 pages;
Dimensions 23 cm.
500 ## - GENERAL NOTE
General note Includes index.
650 #0 - SUBJECT ADDED ENTRY--TOPICAL TERM
9 (RLIN) 12615
Topical term or geographic name as entry element Personnel management
650 #0 - SUBJECT ADDED ENTRY--TOPICAL TERM
9 (RLIN) 12616
Topical term or geographic name as entry element Supervision of employees
650 #0 - SUBJECT ADDED ENTRY--TOPICAL TERM
9 (RLIN) 12617
Topical term or geographic name as entry element Labor laws and legislation
Geographic subdivision United States
365 ## - TRADE PRICE
Price type code Php
Price amount 1995.00
942 ## - ADDED ENTRY ELEMENTS (KOHA)
Source of classification or shelving scheme Dewey Decimal Classification
Koha item type Circulation
Holdings
Withdrawn status Lost status Source of classification or shelving scheme Damaged status Not for loan Collection code Home library Current library Date acquired Source of acquisition Total Checkouts Full call number Barcode Date last seen Price effective from Koha item type
    Dewey Decimal Classification     Circulation UM Digos College - LIC UM Digos College - LIC 09/24/2010 Purchased   DC 658.3 M91 2009 21147 06/08/2021 08/10/2016 Circulation